Język litewski - rozpoznaj wyrazy litewskie - Statystyki

Ogólne statystyki
  • Ten quiz został rozwiązany 20 razy
  • Średni wynik to 3 z 12
Answers on the Grid
Answers color-coded by a green-red scale on the quiz's grid according to % correct below.
ąžuolas
ozols
decem
atgal
akmon
lapis
akmuo
talo
šroub
boba
mokykla
ypač
flastr
elf
dujos
tojás
langas
patates
miestai
duotum
dice
tavasz
haza
šokoladi
nada
joti
malom
kalbu
čaj
jabuko
 
Statystyki odpowiedzi
Odpowiedź % Poprawnych
ąžuolas
47%
dujos
41%
miestai
35%
langas
29%
duotum
24%
kalbu
24%
mokykla
24%
akmuo
18%
joti
18%
atgal
12%
ypač
12%
boba
6%
Nie znaleziono quizów pasujących do podanych kryteriów
Rozkład punktacji
Procent ludzi z każdym wynikiem
Percentyl według liczby udzielonych odpowiedzi
Twoja historia wyników
Nie rozwiązałeś tego quizu